01518nam a2200181Ia 4500008004100000040001800041041002600059245003700085260004900122300001000171508008300181511009300264520078800357650002001145650004001165650004201205856008901247130821s2008 xx gs mul  aCo-BoUCMbspa00aspa°aeng°apor°afre00aHulk el hombre increiblec[DVD] a[Lugar desconocido]bUniversal Studiosc2008 a2 DVD aDirector, Louis Leterrier ; guión Zak Penn (Personaje: Stan Lee, Jack Kirby) aEdward Norton, Liv Tyler, Tim Roth, William Hurt, Tim Blake Nelson, Ty Burrell, Stan Lee aEl científico Bruce Banner (Edward Norton) recorre el mundo tratando de encontrar una cura a su problema, en busca de un antídoto que le permita librarse de su Alter Ego. Perseguido por el ejército y por su propia rabia interna, es incapaz de sacar de su cabeza a Betty Ross (Liv Tyler). Así que se decide a volver a la civilización, donde debe enfrentarse a una criatura creada cuando el agente de la KGB, Emil Blonsky (Tim Roth), se expone a una dosis superior de la radiación que convirtió a Bruce en Hulk. Incapaz de volver a su estado humano, Emil hace responsable a Hulk de su aterradora condición, mientras que la ciudad de Nueva York se convierte en el escenario de la última batalla entre las dos criaturas más poderosas que jamás han pisado la Tierra.04aEntretenimiento04aPelículas cinematográficasvDVD04aPelículas de ciencia ficciónvDVD04uhttp://www.youtube.com/watch?v=WI1GgNjJiywzSiga este vínculo para ver el trailer.